01375nam a2200373Ia 4500001001200000003000800012006001900020007001500039008004100054010001700095020001800112020001500130020001800145020001500163040002100178035002100199050002400220082001800244245012900262260004200391300002400433490002800457504005100485533015200536650001200688650003300700650002700733655002900760700002300789710001700812830002900829856012600858999001700984ebr10252482CaPaEBRm u cr cn|||||||||080527s2008 dcua sb i001 0 eng d z 2008021329 z9780821376119 z082137611X z9780821376126 z0821376128 aCaPaEBRcCaPaEBR a(OCoLC)56797988314aHJ2005b.L36 2008eb04a328.3/45622200aLegislative oversight and budgetingh[electronic resource] :ba world perspective /cRick Stapenhurst ... [et al.], editors. aWashington, DC :bWorld Bank,cc2008. axvi, 342 p. :bill.1 aWBI development studies aIncludes bibliographical references and index. aElectronic reproduction.bPalo Alto, Calif. :cebrary,d2009.nAvailable via World Wide Web.nAccess may be limited to ebrary affiliated libraries. 0aBudget. 0aFinance, PublicxAccounting. 0aLegislative oversight. 7aElectronic books.2local1 aStapenhurst, Rick.2 aebrary, Inc. 0aWBI development studies.40uhttp://site.ebrary.com/lib/rucke/Doc?id=10252482zAn electronic book accessible through the World Wide Web; click to view c31961d31961